| 000 | 00602nam a2200169Ia 4500 | ||
|---|---|---|---|
| 008 | 090711s9999 xx 000 0 und d | ||
| 082 | _b79903 | ||
| 100 | _aसरदेसाई गो. बा. | ||
| 245 | _aआपली पSानसंस्था | ||
| 260 |
_bज्ञानदा पब्लिकेशन प्रा. लि. _c1994 |
||
| 300 | _a70 | ||
| 600 | _aसरदेसाई गो. बा. | ||
| 630 | _aआपली पSानसंस्था | ||
| 700 | _aसरदेसाई गो. बा. | ||
| 730 | _aआपली पSानसंस्था | ||
| 942 | _cBOOK | ||
| 999 |
_c321164 _d321164 |
||